=LDR 00000nam 2200000 4500 =001 INLIS000000000024790 =005 20141017112116.0 =006 =007 =008 Ind =035 ##$$a 0010-061300000024790 =041 ##$$a Ind =082 ##$$a 540.7 =090 ##$$a 540.7, Ans a =100 ##$$a Anshory, Irfan =245 ##$$a Acuan pelajaran kimia SMU kelas 2 caturwulan 1, 2, dan 3, Irfan Anshory =260 ##$$a 1997 $b Jakarta =300 ##$$a xiv, 190 hlm, ilus, 23 cm =650 ##$$a Kimia - Pengajaran =850 ##$$a NBPNMAT =990 ##$$a 77917791 =990 ##$$a 00051195 =990 ##$$a 160.840/Pb.2001 =990 ##$$a 0001/BPAP-NTB/20142014 =990 ##$$a 01201807791